000 00663nam a22002297a 4500
001 BR7101156
003 BR-BrBNA
005 20240527170904.0
008 230509b bl.||||| |||| 00| 0 por d
040 _aBR-BrBNA
_bpor
041 _a(Por)
072 _aB10
090 _aB10
_bBR7101156
110 1 _aInstituto Brasileiro de Geografia e Estatistica, Rio de Janeiro, GB (Brasil)
_95781
245 1 _aÍndice dos topônimos da Carta do Brasil ao milionésimo /
260 3 _aRio de Janeiro, GB (Brasil):
_c1971.
300 _a322 p.
650 _aGEOGRAFIA
909 _a05/2024
_bSARAH
942 _cBK
999 _c15010
_d15010